Nota Kursus Transactional Analysis 7 - 12 Mei 1990

Bibliographic Details
Format: Book
Subjects:

MARC

LEADER 00000cam a2200000 7i4500
001 0000006811
005 20071119.0
040 |a INS 
090 0 0 |a TA1 
245 0 0 |a Nota Kursus Transactional Analysis 7 - 12 Mei 1990 
500 |a Digital document is available on-line; Please click the URL below 
650 0 0 |a Transactional Analysis 
856
999 |a TA00000002   |b BOOK   |c Course Notes   |e Default branch